Statistics for Countries Most Similar to Angola

Click here to take the quiz!

General Stats

  • This quiz has been taken 60 times
  • The average score is 12 of 15

Answer Stats

#CountryStarts withContinent% Correct
Area481,400 AngolaA|B|C|D|E|F|G|H|I|J|K|L|M|N|O|P|Q|R|S|T|U|V|W|X|Y|ZAAfrica
100%
Population31,825,295 AngolaA|B|C|D|E|F|G|H|I|J|K|L|M|N|O|P|Q|R|S|T|U|V|W|X|Y|ZAAfrica
100%
Area496,225PeruPSouth America
87%
Population32,510,453PeruPSouth America
87%
Area440,831ColombiaCSouth America
85%
Population29,161,922YemenYAsia
85%
Population30,366,036MozambiqueMAfrica
83%
Area489,000NigerNAfrica
83%
Population32,981,716UzbekistanUAsia
81%
Area496,000ChadCAfrica
79%
Area471,445South AfricaSAfrica
77%
Population31,949,777MalaysiaMAsia
75%
Area478,841MaliMAfrica
73%
Population28,833,629GhanaGAfrica
69%
Population34,268,528Saudi ArabiaSAsia
58%

Score Distribution

Percentile by Number Answered

Percent of People with Each Score

Your Score History

You have not taken this quiz